| 000 | 01175nam a2200277Ia 4500 | ||
|---|---|---|---|
| 999 |
_c36849 _d36849 |
||
| 001 | 2797 | ||
| 003 | GE_BSU | ||
| 005 | 20190506115614.0 | ||
| 008 | 181216s2004|||| |||||||||||||| ||geo|| | ||
| 020 | _a999280980 | ||
| 040 | _cGE_BSU | ||
| 041 | _ageo | ||
| 080 | _a336.01(075.8) კ–17 | ||
| 100 |
_aკაკულია , რევაზ _9751 |
||
| 245 |
_aფინანსების თეორია : სახელმძღვ. საფინ.-ეკონ. უმაღლ. სასწ. და უნ-ტების სტუდ. / _c რევაზ კაკულია ; რედ : იაკობ მესხია |
||
| 250 | _aმე- 4 შევს. და გადამუშ. გამოც. | ||
| 264 |
_aთბილისი . : _bთერგი , _c2004. |
||
| 300 |
_a338გვ ; _c20სმ |
||
| 504 | _aბიბლიოგრ.: გვ. 333. | ||
| 541 | _h17 ლ. | ||
| 653 | _aეკონომიკა | ||
| 653 | _aფინანსები | ||
| 653 | _aფინანსების თეორია | ||
| 700 |
_aმესხია, იაკობ _eრედაქტორი _9565 |
||
| 942 |
_cBK _2udc |
||